| 000 | 01351nam a22003737a 4500 | ||
|---|---|---|---|
| 003 | CHAP | ||
| 005 | 20220329143527.0 | ||
| 008 | 100408s2008 mx a r 00010 spa d | ||
| 010 | _a98028 | ||
| 011 | _a99000 | ||
| 035 | _a109685 | ||
| 040 | _cCHAP | ||
| 090 | _aTesis | ||
| 100 | 1 |
_aGarcía Gil, Isaí. _946056 |
|
| 245 | 1 | 0 |
_aProducción de rosa para corte en respuesta a genotipos y densidad bajo malla sombra _c/por Isaí García Gil |
| 260 |
_aCocula, Gro. : _bEl autor, _c2008 |
||
| 300 |
_a71 h. : _bilus., cuadros, gráfs. |
||
| 502 | _aTesis (Ing. Agr. Fitotecnista) -- Colegio Superior Agropecuario del Estado de Guerrero. Centro de Estudios Profesionales | ||
| 590 |
_aALEPH _b10 _c20130110 _lUCH01 _h1533 |
||
| 590 |
_aBATCH-UPD _b10 _c20130110 _lUCH01 _h1232 |
||
| 590 |
_aBATCH-UPD _b10 _c20130410 _lUCH01 _h0802 |
||
| 590 |
_aBATCH-UPD _b10 _c20130914 _lUCH01 _h1142 |
||
| 590 |
_aCONVERSION _b10 _c20130109 _lUCH01 _h1354 |
||
| 650 | 1 | 4 |
_aDensidad de siembra. _931812 |
| 650 | 1 | 4 |
_aRosas _xCalidad. _999961 |
| 650 | 1 | 4 |
_aRosas _xCorte. _999963 |
| 650 | 1 | 4 |
_aRosas _xEspaciamiento. _999969 |
| 650 | 1 | 4 |
_aRosas _xRendimiento. _999988 |
| 650 | 1 | 4 |
_aRosas _xVariedades. _999992 |
| 650 | 1 | 4 |
_aSombra _xEfecto en plantas. _9108539 |
| 901 | _aBK | ||
| 942 | _cTESIS | ||
| 949 |
_aTesis _bBC _cTES _d33724002116926 _eTS1 _gDonaciØn _h50313 _i109685 _sb |
||
| 999 |
_c98028 _d98028 |
||